[Event "Vladivostok Russian Cup 2012"]
[Site "Vladivostok RUS"]
[Date "2012.09.22"]
[Round "6.9"]
[White "Babiy,A"]
[Black "Aleksandrov,A"]
[Result "0-1"]
[WhiteElo "2438"]
[BlackElo "2591"]

1.Nf3 e6 2.c4 d5 3.e3 Nf6 4.b3 Bd6 5.Bb2 O-O 6.Be2 b6 7.O-O Bb7 8.d4 dxc4
9.bxc4 c5 10.Nc3 cxd4 11.exd4 Nc6 12.Nb5 Be7 13.Rc1 Na5 14.Ne5 Nd7 15.f4 a6
16.Na3 Rc8 17.Qd3 Rc7 18.Nb1 Nxe5 19.fxe5 Rd7 20.Qg3 Rxd4 21.Bxd4 Qxd4+ 22.Kh1 Nc6
23.Bf3 Bh4 24.Qh3 Bg5 25.Rce1 Qxc4 26.Be4 h6 27.Qg3 Na5 28.Qf3 Bxe4 29.Rxe4 Qc7
30.h4 Be7 31.Nd2 Nc6 32.Qg3 f5  0-1

[Event "TCh-CHN 2012"]
[Site "Hangzhou CHN"]
[Date "2012.09.23"]
[Round "12"]
[White "Tan Zhongyi"]
[Black "Mkrtchian,L"]
[Result "1/2-1/2"]
[WhiteElo "2438"]
[BlackElo "2458"]

1.c4 e6 2.Nf3 d5 3.g3 dxc4 4.Qa4+ Nd7 5.Qxc4 a6 6.Bg2 b5 7.Qc2 Bb7 8.a4 c5
9.axb5 axb5 10.Rxa8 Qxa8 11.Na3 Bc6 12.O-O Ngf6 13.d4 Qb7 14.dxc5 Bxc5 15.b4 Bxb4
16.Nxb5 O-O 17.Nbd4 Be4 18.Qb2 Bc5 19.Qxb7 Bxb7 20.Nb3 Be7 21.Be3 Bd6 22.Nfd4 Rc8
23.Bd2 h6 24.Rc1 Rxc1+ 25.Bxc1 Nc5 26.Nxc5 Bxc5 27.Bb2 Bd6 28.Nb3 Be5 29.Bxb7 Bxb2  1/2-1/2

[Event "TCh-SRB Prem w 2012"]
[Site "Valjevo SRB"]
[Date "2012.09.24"]
[Round "8.2"]
[White "Vojinovic,J"]
[Black "Grabuzova,T"]
[Result "1/2-1/2"]
[WhiteElo "2331"]
[BlackElo "2324"]

1.Nf3 e6 2.c4 d5 3.g3 c5 4.Bg2 Nf6 5.O-O Nc6 6.cxd5 exd5 7.d4 Be7 8.Nc3 O-O
9.b3 Ne4 10.Bb2 Bf6 11.Na4 cxd4 12.Nxd4 Bxd4 13.Bxd4 Bf5 14.Rc1 Re8 15.Re1 Rc8
16.e3 h6 17.Bb2 Qd6 18.Nc3 Nxc3 19.Bxc3 Rcd8 20.Qf3 Be4 21.Qg4 Ne5 22.Bxe5 Qxe5
23.f3 Bf5 24.Qb4 b6 25.Qd2 Qf6 26.Red1 Rc8 27.Kf2 Rxc1 28.Rxc1 Rc8 29.Rxc8+ Bxc8
30.Bf1 Qa1 31.Bg2 Bf5 32.f4 Be4 33.Bxe4 dxe4 34.Qc2 g6 35.Kg2 Qe1 36.Qxe4 Qe2+
37.Kh3 Qh5+ 38.Kg2 Qe2+ 39.Kh3  1/2-1/2

[Event "TCh-Central SRB 2012"]
[Site "Vrnjacka Banja SRB"]
[Date "2012.10.01"]
[Round "4.6"]
[White "Tadic,Br"]
[Black "Markovic,ZS"]
[Result "1/2-1/2"]
[WhiteElo "2525"]
[BlackElo "2361"]

1.c4 e6 2.Nf3 d5 3.g3 Nf6 4.Bg2 Be7 5.O-O O-O 6.b3 c5 7.Bb2 Nc6 8.cxd5 Nxd5
9.Na3 b6 10.Nc4 Bb7 11.d4 b5 12.Nce5 Nxe5 13.Nxe5 cxd4 14.Qxd4 f6 15.Nf3 e5
16.Qd3 Nc7 17.Qc2 Rb8 18.Rfd1 Qc8 19.Rac1 Na6 20.Qd3 Qe6 21.Qe3 Qb6 22.Qxb6 axb6
23.Rd7 Rfe8 24.Rxb7 Rxb7 25.Ng5 Rd7 26.Bc6 Red8 27.Bxd7 Rxd7 28.Rc8+ Rd8
29.Rxd8+ Bxd8 30.Ne4 Be7 31.Nc3 Nc7  1/2-1/2

[Event "TCh-CHN 2012"]
[Site "Hangzhou CHN"]
[Date "2012.10.07"]
[Round "16"]
[White "Zhao Xue"]
[Black "Tan Zhongyi"]
[Result "1/2-1/2"]
[WhiteElo "2543"]
[BlackElo "2438"]

1.c4 e6 2.Nf3 d5 3.g3 Nf6 4.Bg2 Be7 5.O-O O-O 6.d4 dxc4 7.Qc2 a6 8.a4 Bd7
9.Nc3 Bc6 10.e4 b5 11.Ng5 Ng4 12.Nf3 Nf6 13.Ng5 Ng4 14.Nf3 Nf6 15.Ng5  1/2-1/2

[Event "3rd Copa Latino-Americana"]
[Site "Cali COL"]
[Date "2012.10.09"]
[Round "9.10"]
[White "Morales,Jo"]
[Black "Rosales,D"]
[Result "0-1"]
[WhiteElo "2324"]
[BlackElo "2062"]

1.c4 e6 2.Nf3 d5 3.g3 c5 4.Bg2 Nc6 5.O-O Nf6 6.cxd5 exd5 7.d4 cxd4 8.Nxd4 Be7
9.Nc3 O-O 10.Be3 Bg4 11.h3 Be6 12.Rc1 Qd7 13.Kh2 Rad8 14.Qa4 a6 15.Rfd1 Ne5
16.Qxd7 Rxd7 17.Rc2 Nc4 18.Bc1 h6 19.f4 Nd6 20.g4 g6 21.Bf3 Kh7 22.Kg3 Rc8
23.Nxe6 fxe6 24.Rcd2 b5 25.a3 Rxc3 26.bxc3 Nfe4+ 27.Bxe4 Nxe4+ 28.Kf3 Nxd2+
29.Bxd2 Rc7 30.e4 Rc4 31.Re1 Bxa3 32.exd5 exd5 33.Re6 a5 34.f5 gxf5 35.gxf5 b4
36.Rxh6+ Kg7 37.Rg6+ Kf7 38.cxb4 axb4 39.Bf4 b3 40.Rb6 Bb4 41.Be5 d4 42.Rb7+ Kf8
43.Bg7+ Kg8 44.Bh6 b2 45.Rg7+ Kh8 46.Rg1 Ba3 47.Ke2 Rc1 48.Rxc1 bxc1=Q 49.Bxc1 Bxc1
50.Kd3 Be3 51.Ke4 Kg7 52.Kd3 Kf6 53.Ke4 Bg1 54.h4 Be3  0-1

[Event "TCh-ROU League A 2012"]
[Site "Olanesti ROU"]
[Date "2012.10.11"]
[Round "6.2"]
[White "Suba,M"]
[Black "Dinu,DD"]
[Result "1/2-1/2"]
[WhiteElo "2424"]
[BlackElo "2274"]

1.c4 e6 2.Nf3 d5 3.d4 c6 4.Qc2 Nf6 5.Nbd2 Nbd7 6.g3 Bd6 7.Bg2 O-O 8.O-O Re8
9.b3 e5 10.dxe5 Nxe5 11.Bb2 dxc4 12.Nxe5 cxb3 13.axb3 Bxe5 14.Bxe5 Rxe5 15.Nc4 Bf5
16.Qb2 Re6 17.Rfd1 Qc7 18.e3 h6 19.Rd4 c5 20.Rf4 Bg6 21.h3 Ne4 22.Nd2 Nf6
23.Qc3 a6 24.b4 Rc8 25.bxc5 Re5 26.c6 bxc6 27.Rxa6 Nd5 28.Bxd5 Rxd5 29.e4 Rb5
30.Ra1 c5 31.Nc4 Qd7 32.Ne5 Qd4 33.Qxd4 cxd4 34.Nxg6 fxg6 35.Rd1 Rd8 36.Kg2 g5
37.Rf5 Rxf5 38.exf5 Kf7 39.Kf3 Kf6 40.g4 h5 41.Ra1 hxg4+ 42.hxg4 Rd6 43.Ke4 g6
44.fxg6 d3 45.Rd1 d2 46.Ke3 Kxg6 47.Rxd2 Re6+ 48.Kf3 Rf6+ 49.Kg2 Rf4 50.Rd6+ Kg7
51.f3 Ra4 52.Kf2 Ra3 53.Ke2 Kf7 54.Rd3 Ra1 55.Rb3 Kf6 56.Rb6+ Kg7 57.Rd6 Ra3
58.Rd3 Ra1 59.Rc3 Kf6 60.Rc6+ Kg7 61.Kd3 Re1 62.Kd4 Kf7 63.Rc5 Kg6 64.Rc4 Kf6
65.Rc6+ Kg7 66.Rd6 Kf7 67.Rd5 Kf6 68.Rf5+ Kg6 69.Kd5 Re3 70.Kd6 Rd3+ 71.Ke7  1/2-1/2

[Event "BSF GM Cup 2012"]
[Site "Copenhagen DEN"]
[Date "2012.10.13"]
[Round "2.3"]
[White "Glud,J"]
[Black "Richter,Mic"]
[Result "1/2-1/2"]
[WhiteElo "2520"]
[BlackElo "2460"]

1.c4 e6 2.Nf3 d5 3.g3 dxc4 4.Qa4+ Nd7 5.Bg2 a6 6.Qxc4 b5 7.Qc2 Bb7 8.O-O Ngf6
9.b3 Be7 10.Bb2 c5 11.d3 O-O 12.Nbd2 Qb6 13.Rac1 Rfc8 14.Qb1 Bc6 15.Qa1 Qb7
16.d4 Bd5 17.dxc5 Nxc5 18.Rfd1 a5 19.Bd4 h6 20.Bf1 b4 21.Qb2 Ncd7 22.Ne1 Bc5
23.Nd3 Bxd4 24.Qxd4 Qb6 25.Qb2 Nc5 26.Nxc5 Rxc5 27.Rxc5 Qxc5 28.Rc1 Qb6 29.e3 Rd8
30.Nc4 Bxc4 31.Rxc4 Nd5 32.Qe5 Qd6 33.Qh5 Qb6 34.Qf3 Qd6 35.Rd4 Qe7 36.Qd1 Rc8
37.Bc4 Nf6 38.Qd3 g6 39.e4 e5 40.Rd6 Kg7 41.Ra6 Qc5 42.Rxf6 Kxf6 43.Qf3+ Kg7
44.Qxf7+ Kh8 45.Qf6+ Kh7 46.Bf7 Qc1+ 47.Kg2 Qg5 48.Qe6 Rc2 49.Bg8+ Kh8 50.Qf7 Rxf2+
51.Kxf2 Qd2+ 52.Kg1 Qe1+ 53.Qf1 Qe3+ 54.Qf2 Qc1+ 55.Qf1 Qe3+ 56.Qf2 Qc1+
57.Qf1  1/2-1/2

[Event "BSF GM Cup 2012"]
[Site "Copenhagen DEN"]
[Date "2012.10.14"]
[Round "4.5"]
[White "Danielsen,Hen"]
[Black "Ninov,N"]
[Result "1-0"]
[WhiteElo "2524"]
[BlackElo "2507"]

1.c4 e6 2.Nf3 d5 3.b3 d4 4.a3 a5 5.e4 e5 6.d3 Nd7 7.Be2 Bd6 8.O-O Ne7 9.Nbd2 c6
10.Rb1 Nc5 11.b4 axb4 12.axb4 Na4 13.c5 Bc7 14.Bb2 Be6 15.Qc2 Nxb2 16.Rxb2 Ng6
17.g3 Ra3 18.h4 f6 19.Nc4 Rc3 20.Qd1 Bxc4 21.dxc4 O-O 22.Rb3 Rxb3 23.Qxb3 Qd7
24.Kh2 f5 25.Qd3 Nf4 26.Qd1 d3 27.gxf4 dxe2 28.Qxe2 fxe4 29.Ng5 Rxf4 30.Ra1 Qd8
31.Kg2 Rxh4 32.Nxe4 Qe8 33.b5 Qg6+ 34.Ng3 e4 35.Ra8+ Kf7 36.Ra7 Bxg3 37.fxg3 Rg4
38.Rxb7+ Ke6 39.Qf2 h5 40.Rc7 Qe8 41.Rxc6+ Ke7 42.Qf5 Qd7 43.Qe5+ Kf8 44.Qb8+  1-0

[Event "NIT Nagpur GM Open 2012"]
[Site "Nagpur IND"]
[Date "2012.10.21"]
[Round "9.9"]
[White "Vishnu,P"]
[Black "Ziatdinov,R"]
[Result "1/2-1/2"]
[WhiteElo "2473"]
[BlackElo "2384"]

1.c4 e6 2.Nf3 d5 3.g3 d4 4.Bg2 Nf6 5.O-O Nc6 6.e3 e5 7.exd4 exd4 8.d3 Be7
9.Re1 O-O 10.Na3 Bf5 11.Nc2 Re8 12.a3 a5 13.Rb1 Rb8 14.Ne5 Nxe5 15.Rxe5 Bg4
16.Bf3 Bxf3 17.Qxf3 c5 18.Bd2 a4 19.b4 axb3 20.Rxb3 b6 21.Re1 Bd6 22.Qc6 Qc7
23.Rxe8+ Nxe8 24.Qxc7 Bxc7 25.Kg2 f5 26.Rb1 Kf7 27.h3 Ra8 28.g4 g6 29.gxf5 gxf5
30.Kf3 Ng7 31.Bf4 Bd8 32.Rb3 Ne6 33.Bd2 Bc7 34.Ne1 Kg6 35.Ng2 f4 36.Ke4 Ng5+
37.Kd5 Rf8 38.Kc6 Rf7 39.h4 Nf3 40.Bc1 Kf5 41.a4 Rg7 42.Nxf4 Bxf4 43.Bxf4 Kxf4
44.Kxb6 Rg8 45.Kxc5 Rc8+ 46.Kd5 Nxh4 47.Rb7 h5 48.Rh7 Kg5 49.c5 Kg6 50.Rb7 Nf5
51.c6 Kf6 52.c7 h4 53.Kc6 h3 54.Rb1 h2 55.Rh1 Rh8 56.a5 Ne7+ 57.Kd7 Rh5 58.c8=Q Rd5+
59.Kc7 Rc5+ 60.Kb7 Nxc8 61.Rxh2 Nd6+ 62.Kb6 Rc3 63.Rh3 Rb3+ 64.Kc6 Nb5 65.a6 Na7+
66.Kc5 Rb5+  1/2-1/2

[Event "Danilo Batricevic Mem Balkan GP"]
[Site "Cetinje MNE"]
[Date "2012.10.23"]
[Round "5.5"]
[White "Mijovic,S"]
[Black "Miladinovic,I"]
[Result "1-0"]
[WhiteElo "2380"]
[BlackElo "2554"]

1.c4 e6 2.Nf3 d5 3.b3 Nf6 4.g3 Be7 5.Bg2 O-O 6.O-O c6 7.Bb2 Nbd7 8.d4 b6
9.Nc3 Ba6 10.Qd3 Rc8 11.e4 dxc4 12.bxc4 e5 13.dxe5 Ng4 14.Ne2 Nc5 15.Qc2 Qd3
16.Rac1 Qxe4 17.h3 Qxc2 18.Rxc2 Nh6 19.Nfd4 Bb7 20.Bc1 Rfd8 21.Bxh6 gxh6
22.Nf5 Bf8 23.Nf4 Rc7 24.Nh5 Bc8 25.Nf6+ Kh8 26.Nd6 Bxd6 27.exd6 Rxd6 28.Ne8 Rcd7
29.Nxd6 Rxd6 30.Rcc1 Be6 31.Rfd1 Rxd1+ 32.Rxd1 Bxc4 33.Bxc6 Bxa2 34.Ra1 Be6
35.Rxa7 Kg7 36.h4 Bc4 37.Ra8 Na6 38.Bb7 Nc5 39.Bg2 Nd7 40.Rd8 Ne5 41.f4 Ng4
42.Rb8 b5 43.Bc6 Nf6 44.Bxb5 Be6 45.Bc6 h5 46.Bf3 h6 47.Rb5 Kg6 48.Kf2 Bc4
49.Ra5 Be6 50.Ke3 Bg4 51.Be4+ Kg7 52.Kd4 Be2 53.Bf5 Ng8 54.Ke5 Ne7 55.Be4 Ng8
56.Ra7 Bc4 57.f5 Nf6 58.Bf3 Bb5 59.Bd5 Bd7 60.Bb3 Be8 61.Ba4 Ng4+ 62.Kf4 Bxa4
63.Rxa4 Kf6 64.Ra6+ Kg7 65.Ke4 Nf6+ 66.Ke5 Ng4+ 67.Kd5 Ne3+ 68.Ke4 Ng4 69.Ra4 Kf6
70.Kf4 Nh2 71.Ra6+ Kg7 72.Ra4 Kf6 73.Ra6+ Kg7 74.Ke4 Ng4 75.Ra1 Kf6 76.Rf1 Ne5
77.Rf4 Ng4 78.Kd4 Ne5 79.Kd5 Nd3 80.Rd4 Nf2 81.Rc4 Nd3 82.Rd4 Nf2 83.Rb4 Nd3
84.Rb5 Nf2 85.Rb4 Nd3 86.Ra4 Nf2 87.Rd4 Nh3 88.Ke4 Nf2+ 89.Kf3 Ng4 90.Rxg4 hxg4+
91.Kxg4 Ke5 92.Kh5 Kxf5 93.Kxh6 Kg4 94.h5  1-0

[Event "Danilo Batricevic Mem Balkan GP"]
[Site "Cetinje MNE"]
[Date "2012.10.24"]
[Round "6.6"]
[White "Nikcevic,N"]
[Black "Blagojevic,Dr"]
[Result "1/2-1/2"]
[WhiteElo "2432"]
[BlackElo "2526"]

1.c4 e6 2.Nf3 d5 3.b3 Nf6 4.g3 Be7 5.Bg2 c5 6.O-O Nc6 7.e3 O-O 8.Bb2 b6 9.Nc3 dxc4
10.bxc4 Bb7 11.Qe2 Rc8 12.Rac1 Qc7 13.d4 Na5 14.Nb5 Qb8 15.dxc5 Bxc5 16.Bxf6 gxf6
17.Rfd1 Rfd8 18.Nh4 Bxg2 19.Nxg2 Nc6 20.Qg4+ Kh8 21.Rxd8+ Nxd8 22.Qh4 Be7
23.Rd1 Nc6 24.Qh5 Kg8 25.Qg4+ Kh8 26.Qh5 Kg8 27.Qg4+ Kh8  1/2-1/2

[Event "Chigorin Mem Rapid"]
[Site "St Petersburg RUS"]
[Date "2012.10.26"]
[Round "6.1"]
[White "Grigoryan,Av"]
[Black "Grachev,B"]
[Result "1/2-1/2"]
[WhiteElo "2572"]
[BlackElo "2672"]

1.c4 e6 2.Nf3 d5 3.g3 dxc4 4.Bg2 a6 5.O-O Nf6 6.Qc2 Bd6 7.Qxc4 b5 8.Qc2 Bb7
9.a4 O-O 10.axb5 axb5 11.Rxa8 Bxa8 12.Nc3 Qe8 13.d3 h6 14.Bd2 e5 15.Rc1 b4
16.Nd1 Nc6 17.Ne3 Nd4 18.Nxd4 exd4 19.Nf5 Bxg2 20.Kxg2 Qxe2 21.Nxd6 cxd6
22.Bxb4 Qh5 23.Qc6 Ng4 24.h3 Ne5 25.Qe4 f5 26.Qd5+ Qf7 27.Qxf7+ Rxf7 28.Rd1 Rd7
29.f4 Nc6 30.Ba3 Kf7 31.Rc1 Na7 32.Rc4 Nb5 33.Rb4 Rb7 34.b3 Ke6 35.Bb2 Rc7
36.Bxd4 Nxd4 37.Rxd4 Rc3 38.b4 Rb3 39.Kf3 d5  1/2-1/2

[Event "Chigorin Mem Rapid"]
[Site "St Petersburg RUS"]
[Date "2012.10.26"]
[Round "7.3"]
[White "Andriasian,Z"]
[Black "Timofeev,Arty"]
[Result "1-0"]
[WhiteElo "2604"]
[BlackElo "2631"]

1.c4 e6 2.Nf3 d5 3.b3 Be7 4.Bb2 Bf6 5.d4 Ne7 6.Nc3 c5 7.dxc5 Qa5 8.Qd2 dxc4
9.e4 Nec6 10.Bxc4 Qxc5 11.e5 Be7 12.Ne4 Qa5 13.Bc3 Bb4 14.Nd6+ Ke7 15.Qg5+ Kf8
16.Bxb4 Qxb4+ 17.Kf1 Nd7 18.Qh5 g6 19.Qh6+ Ke7 20.Qh4+ f6 21.Ne4 Rf8 22.exf6+ Nxf6
23.Nxf6 Rxf6 24.Qxh7+ Kf8 25.Qh8+ Ke7 26.Qg7+ Rf7 27.Qxg6 Qc3 28.Re1 Qf6
29.Qxf6+ Kxf6 30.h4 Bd7 31.Ng5 Re7 32.Rh3 Ne5 33.Rg3 Nxc4 34.bxc4 Bc6 35.Ne4+ Ke5
36.Ng5+ Kf5 37.Nf3 Rd8 38.Ne5 Rd4 39.Rg5+ Kf6 40.Rg6+  1-0

[Event "Chigorin Memorial"]
[Site "St Petersburg RUS"]
[Date "2012.10.31"]
[Round "5.101"]
[White "Sukhareva,E"]
[Black "Zamyshlyaev,A"]
[Result "1/2-1/2"]
[WhiteElo "2268"]
[BlackElo "2080"]

1.c4 e6 2.Nf3 d5 3.g3 Nf6 4.Bg2 Be7 5.O-O O-O 6.b3 b6 7.Bb2 Bb7 8.e3 Nbd7
9.cxd5 Nxd5 10.d3 Bf6 11.Bxf6 N7xf6 12.a3 c5 13.Qc2 Qe7 14.Nbd2 Rfd8 15.Nc4 Rac8
16.Rac1 Nc7 17.Rfd1 Nb5 18.Qb2 Nd6 19.Ncd2 Nf5 20.Nb1 Bxf3 21.Bxf3 Rc7 22.Rd2 Rcd7
23.Rcd1 e5 24.Nc3 h6 25.Bc6 Rc7 26.Bg2 Rcd7 27.Bh3 g6 28.Bg2 a6 29.Ne2 g5
30.h3 Rd6 31.Qc2 Qd7 32.Nc3 Kg7 33.Nb1 Ne8 34.Qc3 Qe7 35.Be4 Qe6 36.b4 cxb4
37.axb4 Nf6 38.Bg2 Ne7 39.Na3 Ned5 40.Qb2 b5 41.e4 Nb6 42.f4 Na4 43.Qxe5 gxf4
44.Qxf4 Nc3 45.e5 Nxd1 46.exd6 Nc3 47.Kh2 Rxd6 48.Nc2 Nfd5 49.Qd4+ Qf6 50.Qc5 Rc6
51.Qa7 Qe5 52.Qd4 Qxd4 53.Nxd4 Rf6 54.Rc2 Kg6 55.g4 Rf4 56.Nc6 Rf6 57.Ne7+ Nxe7
58.Rxc3 Rd6 59.Be4+ Kg7 60.Rc5 Ng8 61.Rd5 Re6 62.Bf5 Rc6 63.Rd7 Nf6 64.Rd8 Rc2+
65.Kg3 Rb2 66.Kf4 Rxb4+ 67.Ke5 Rb1 68.Ra8 Ra1 69.Kd4 b4 70.Ra7 Ne8 71.Kc5 b3
72.Rb7 Rc1+ 73.Kd4 Rb1 74.Be6 Nd6 75.Rxb3 Rh1 76.Bd7 Rxh3  1/2-1/2

[Event "12th Sautron Open"]
[Site "Sautron FRA"]
[Date "2012.11.02"]
[Round "8.5"]
[White "Rusev,K"]
[Black "Ider,B"]
[Result "1/2-1/2"]
[WhiteElo "2549"]
[BlackElo "2394"]

1.Nf3 e6 2.c4 d5 3.g3 Nf6 4.b3 Bd6 5.Bb2 Nbd7 6.Bg2 c6 7.Nc3 a6 8.d4 O-O
9.O-O b5 10.Nd2 Bb7 11.e4 Be7 12.Re1 Nb6 13.c5 Nbd7 14.e5 Ne8 15.b4 g6 16.Nb3 Ng7
17.Na5 Qc7 18.Bc1 Rae8 19.Nb3 f6 20.f4 Bc8 21.Bd2 Qd8 22.Qg4 f5 23.Qe2 Qc7
24.a4 Bb7 25.Ra2 Ra8 26.Rea1 h6 27.Be3 Rfe8 28.Qd2 h5 29.Bf2 Kf7 30.h4 Rec8
31.Bf1 Rcb8 32.Ra3 Qc8 33.R1a2 Ne8 34.Be2 Nc7 35.Qd1 Kg7 36.Na5 Nf8 37.Qa1 Kf7
38.Kh2 Kg7 39.Nb1 Qe8 40.Nxb7 Rxb7 41.axb5 cxb5 42.Nd2 Rba7 43.Nb3 Nd7 44.Be1 Nb8
45.Bc3 Nc6 46.Qf1 Qd8 47.Kg2 Kf7 48.Qe1 Ke8 49.Nc1 Kd7 50.Nd3 Qb8 51.Kf2 Qd8
52.Ke3 Qb8 53.Nf2 Rb7 54.Bd2 Rba7 55.Qb1 Qd8 56.Nd1 Qh8 57.Ra1 Qd8 58.R3a2 Qc8
59.Nc3 Qf8 60.Qb3 Qb8 61.Be1 Qf8 62.Bf2 Qb8 63.Kd2 Qd8 64.Ra5 Qb8 65.Be3 Qc8
66.Qb1 Qd8 67.R1a2 Qb8 68.Rb2 Ke8 69.Qa2 Kd7 70.Rb1 Qd8 71.Rb3 Qb8 72.Bf3 Qc8
73.Kd3 Qd8 74.Rb1 Qg8 75.Qe2 Qc8 76.Kc2 Qb8 77.Kb3 Qd8 78.Rba1 Qb8 79.Bf2 Qc8
80.Rh1 Qf8 81.Be3 Qd8 82.Rha1 Qb8 83.Qf1 Qd8 84.Be2 Qb8 85.Qg2 Qd8 86.Bf3 Qg8
87.Qa2 Qb8 88.Rb1 Qd8 89.Kc2 Qg8 90.Qb3 Qf7 91.Bf2 Qg8 92.Re1 Kc8 93.Kb2  1/2-1/2

[Event "TCh-NED Meesterklasse 2012-13"]
[Site "Netherland NED"]
[Date "2012.11.03"]
[Round "3.7"]
[White "Okkes,M"]
[Black "Roggeveen,P"]
[Result "1-0"]
[WhiteElo "2375"]
[BlackElo "2207"]

1.Nf3 e6 2.c4 d5 3.d4 Nf6 4.g3 dxc4 5.Bg2 b5 6.a4 c6 7.Ne5 Nd5 8.O-O f6 9.e4 Ne7
10.Nf3 a6 11.b3 cxb3 12.Qxb3 Kf7 13.axb5 cxb5 14.d5 exd5 15.exd5 Nf5 16.Nc3 Nd6
17.Nd4 Bb7 18.Ne6 Qc8 19.Bf4 Nd7 20.Bxd6 Bxd6 21.Ne4 Qb8 22.Rac1 Ra7 23.Nc7 Be5
24.d6+ Kg6 25.Qd3 f5 26.Nc5 Nxc5 27.Rxc5 Bxg2 28.Kxg2 Bf6 29.Qxf5+ Kf7 30.Qe6+ Kg6
31.Re1 h6 32.Qf5+ Kf7 33.Re7+  1-0

[Event "WY BU16 2012"]
[Site "Maribor SLO"]
[Date "2012.11.10"]
[Round "3.34"]
[White "Nuri,M"]
[Black "Djuricic,Domen"]
[Result "1-0"]
[WhiteElo "2145"]
[BlackElo "1868"]

1.c4 e6 2.Nf3 d5 3.d4 Nf6 4.Qc2 Be7 5.g3 O-O 6.Bg2 c6 7.O-O Nbd7 8.Nbd2 b6
9.e4 dxe4 10.Nxe4 Bb7 11.Rd1 Nxe4 12.Qxe4 Nf6 13.Qc2 Qc8 14.c5 Rd8 15.Be3 Nd5
16.Bg5 h6 17.Bxe7 Nxe7 18.Ne5 Nd5 19.Rac1 b5 20.Qe4 Qc7 21.Rd3 a5 22.Rf3 Rf8
23.Re1 a4 24.a3 Rad8 25.Bf1 Ne7 26.Bh3 Bc8 27.Rd3 Nd5 28.Qh4 Ne7 29.Bg2 Bb7
30.Qe4 Nd5 31.Red1 Nf6 32.Qe1 Nd5 33.f4 Ba6 34.Rf3 Bc8 35.g4 f6 36.Ng6 Rfe8
37.Qh4 Qf7 38.Qh5 Kh7 39.f5 exf5 40.gxf5 Ne7 41.Rh3 Bxf5 42.Nxe7 Qxh5 43.Rxh5 Bg4
44.Re1 Bxh5 45.Bxc6 Rxd4 46.Bxe8 Bxe8 47.Nf5 Rg4+ 48.Ng3 Bc6 49.Re6 Bd7 50.Rd6 Be8
51.Rd8 Bc6 52.Rc8 Bd7 53.Rc7 Be8 54.Kg2 b4 55.Kf3 bxa3 56.bxa3 Rc4 57.Nf5 Bh5+
58.Ke3 Kg6 59.Nxg7 Rc3+ 60.Kd4 Rxa3 61.Nxh5 Kxh5 62.c6 Rh3 63.Ra7 Rxh2 64.c7 Rc2
65.Ra5+ Kg4 66.Rc5 Rxc5 67.Kxc5 a3 68.c8=Q+ f5 69.Qa6  1-0

[Event "TCh-CZE Div1 Vychod 2012-13"]
[Site "Czech Republic CZE"]
[Date "2012.11.11"]
[Round "2.1"]
[White "Cvek,R"]
[Black "Haba,P"]
[Result "1/2-1/2"]
[WhiteElo "2540"]
[BlackElo "2463"]

1.c4 e6 2.Nf3 d5 3.e3 Nf6 4.Nc3 Be7 5.Be2 O-O 6.O-O dxc4 7.Bxc4 a6 8.b3 c5
9.d4 b5 10.Be2 Bb7 11.Bb2 Nc6 12.dxc5 Bxc5 13.Rc1 Qe7 14.Qc2 Rac8 15.Qb1 Ba3
16.Rfd1  1/2-1/2

[Event "WY GU16 2012"]
[Site "Maribor SLO"]
[Date "2012.11.12"]
[Round "5.27"]
[White "Beshukova,Ekaterina"]
[Black "Hancu,O"]
[Result "0-1"]
[WhiteElo "1878"]
[BlackElo "1966"]

1.c4 e6 2.Nf3 d5 3.g3 Nf6 4.Bg2 c6 5.b3 Bd6 6.Bb2 O-O 7.O-O Nbd7 8.d4 Ne4
9.Nfd2 f5 10.f3 Nxd2 11.Qxd2 f4 12.g4 Qh4 13.Ba3 Bxa3 14.Nxa3 Qe7 15.Nc2 e5
16.cxd5 cxd5 17.dxe5 Qc5+ 18.Kh1 Nxe5 19.Rfd1 Be6 20.Nd4 Bd7 21.Rac1 Qd6
22.Nf5 Bxf5 23.gxf5 Rxf5 24.Qxd5+ Qxd5 25.Rxd5 b6 26.Bh3 Rg5 27.Be6+ Kf8
28.Rc7 Re8 29.Bd7 Re7 30.Rxa7 Nxf3 31.Rxg5 Nxg5 32.Ra8+ Kf7 33.Bb5 Kf6 34.Ra6 Re6
35.Ra4 Ke5 36.Bd3 Rh6 37.Kg2 Ne6 38.Rc4 g5 39.b4 g4 40.Re4+ Kd5 41.Rc4 Rf6
42.Rc3 h5 43.a4 f3+ 44.Kf2 fxe2+ 45.Kxe2 Nd4+ 46.Kd1 Nc6 47.Rb3 Rf2 48.a5 bxa5
49.bxa5 Rxh2 50.Ke1 h4 51.a6 Ra2 52.Rc3 Ne5 53.Be2 g3 54.Kf1 h3 55.Rxg3 Ra1+
56.Kf2 h2  0-1

[Event "WY BU16 2012"]
[Site "Maribor SLO"]
[Date "2012.11.16"]
[Round "9.3"]
[White "Chigaev,M"]
[Black "Sanzhaev,D"]
[Result "1-0"]
[WhiteElo "2457"]
[BlackElo "2319"]

1.c4 e6 2.Nf3 d5 3.b3 Nf6 4.g3 Be7 5.Bg2 O-O 6.O-O b6 7.Bb2 Bb7 8.e3 c5 9.Qe2 Nc6
10.Nc3 d4 11.exd4 Nxd4 12.Nxd4 Bxg2 13.Kxg2 cxd4 14.Ne4 Qd7 15.d3 e5 16.a3 Rae8
17.Nd2 a5 18.Rfe1 h6 19.Qf3 Bd6 20.Re2 Nh7 21.h4 Kh8 22.Qd5 Qc7 23.Qb5 Qb7+
24.Kg1 Re7 25.b4 axb4 26.axb4 Bb8 27.Ra6 Re6 28.c5 Bc7 29.cxb6 Bb8 30.Ne4 Re7
31.Qa4 f5 32.Nc5 Qf3 33.Re1 f4 34.Qd1 Qd5 35.Qe2 Nf6 36.Bc1 Bd6 37.Ra5 f3
38.Qd1 Qc6 39.Qa4 Qc8 40.Qd1 e4 41.Nxe4 Bxb4 42.Ba3 Nxe4 43.Rxe4 Rxe4 44.dxe4 Bxa5
45.Bxf8 Qxf8 46.Qxd4 Bb4 47.b7 Bd6 48.e5 Bc7 49.e6 Qe7 50.Qd7 Qb4 51.Qxc7 Qe1+
52.Kh2 Qxf2+ 53.Kh3 Qg2+ 54.Kg4 h5+ 55.Kxh5 g6+ 56.Kxg6  1-0

[Event "VIII Governor's Cup"]
[Site "Khanty-Mansiysk RUS"]
[Date "2012.11.17"]
[Round "3.11"]
[White "Jumabayev,R"]
[Black "Frolyanov,D"]
[Result "1/2-1/2"]
[WhiteElo "2545"]
[BlackElo "2556"]

1.c4 e6 2.Nf3 d5 3.g3 dxc4 4.Bg2 a6 5.O-O Nf6 6.Qc2 b5 7.Ne1 Nd5 8.d3 cxd3
9.Nxd3 Bb7 10.Nc3 Nd7 11.Nxd5 exd5 12.Rd1 Be7 13.Nf4 Nb6 14.Nxd5 Nxd5 15.Bxd5 Bxd5
16.e4 Qc8 17.Rxd5 c6 18.Rd3 O-O 19.Be3 Qe6 20.Rc3 Rac8 21.Bc5 Bxc5 22.Rxc5 Rfe8
23.e5 Red8 24.b3 Rd5 25.Rc1 Rxe5 26.Rxc6 Rxc6 27.Qxc6 g6 28.Kg2 Re2 29.Qxe6 fxe6
30.a4 bxa4 31.bxa4 Re4 32.Rc8+ Kg7 33.Rc7+ Kg8 34.Rc8+ Kg7 35.Rc7+ Kg8 36.Rc8+ Kg7  1/2-1/2

[Event "VIII Governor's Cup"]
[Site "Khanty-Mansiysk RUS"]
[Date "2012.11.20"]
[Round "6.16"]
[White "Ovod,E"]
[Black "Yuzhakov,O"]
[Result "1/2-1/2"]
[WhiteElo "2384"]
[BlackElo "2353"]

1.c4 e6 2.Nf3 d5 3.e3 Nf6 4.b3 Be7 5.Bb2 O-O 6.Qc2 c5 7.cxd5 Nxd5 8.a3 b6
9.d4 Ba6 10.Bxa6 Nxa6 11.O-O cxd4 12.Nxd4 Qd7 13.b4 Rfc8 14.Qd3 Nac7 15.Nd2 a5
16.b5 Bf6 17.Ne4 Bxd4 18.Qxd4 Ne8 19.Rac1 f6 20.Nc3 Rd8 21.Nxd5 Qxb5 22.Nxf6+ Nxf6
23.Qe5 Qxe5 24.Bxe5 b5 25.Rc5 Rd5 26.Rxd5 Nxd5 27.Rb1 b4 28.axb4 Nxb4 29.Kf1 Kf7
30.Bc3 g5 31.Bxb4 Rb8 32.Ke2 axb4 33.Kd3 Kf6 34.Rb2 Ke5 35.Kc4 Ke4 36.Rxb4 Rc8+
37.Kb3+ Kd3 38.h4 h6 39.hxg5 hxg5 40.Rg4 Rb8+ 41.Ka4 Rb2 42.f3 Kxe3 43.Rxg5 Kf2
44.Ka3 Rb1 45.f4 Rg1 46.Re5 Rxg2 47.Rxe6 Rg3+ 48.Kb4 Rf3 49.Re4 Kg3  1/2-1/2

[Event "Plzen Open 2012"]
[Site "Plzen CZE"]
[Date "2012.11.21"]
[Round "4"]
[White "Jurek,J"]
[Black "Benes,Pe2"]
[Result "1-0"]
[WhiteElo "2318"]
[BlackElo "2114"]

1.c4 e6 2.Nf3 d5 3.d4 a6 4.cxd5 exd5 5.Nc3 Nf6 6.Bg5 Be7 7.e3 b5 8.Bd3 Bb7
9.Qb3 O-O 10.a4 c6 11.axb5 axb5 12.Rxa8 Bxa8 13.O-O Nbd7 14.Ra1 b4 15.Na4 Bd6
16.Rc1 Qe7 17.Bf5 Rb8 18.Bxd7 Qxd7 19.Bxf6 gxf6 20.Nc5 Qf5 21.Qc2 Qc8 22.h3 Bb7
23.Nh4 Ra8 24.Na4 Qe6 25.b3 Ba6 26.Nc5 Bxc5 27.Qxc5 Qe4 28.Nf3 Bb5 29.Qxb4 Ra2
30.Qc3 Be2 31.Ne1 Bb5 32.Ra1 Re2 33.Nf3 Kg7 34.Rc1 Ra2 35.Ne1 Qf5 36.Rc2 Ra3
37.Qb2 Ra6 38.Rc1 Rb6 39.Qc3 Qh5 40.Ra1 Qe2 41.Nf3 Rb8 42.Qc5 Qb2 43.Ra7 Qxb3
44.Qe7 Rf8 45.Qd6 Qb1+ 46.Kh2 Qe4 47.Re7 Qf5 48.Qg3+ Kh8 49.Qg4 Qc2 50.Qf4 Kg7
51.Nh4 Bd3 52.Rc7 Re8 53.Qg4+ Bg6 54.Qd7 Rf8 55.Kg3 Qe4 56.Rxc6 Re8 57.Rc7 Re6
58.Rc5 f5 59.Qxd5 f4+ 60.exf4 Qd3+ 61.Kh2 Rf6 62.Qe5 Be4 63.f5  1-0

[Event "22nd World Seniors Open"]
[Site "Kamena Vourla GRE"]
[Date "2012.11.23"]
[Round "10.3"]
[White "Piasetski,L"]
[Black "Sveshnikov,E"]
[Result "0-1"]
[WhiteElo "2298"]
[BlackElo "2507"]

1.c4 e6 2.Nf3 d5 3.g3 dxc4 4.Qa4+ Bd7 5.Qxc4 c5 6.Ne5 Nc6 7.Nxd7 Qxd7 8.Bg2 Nf6
9.O-O Be7 10.Qa4 h5 11.Bxc6 bxc6 12.d3 h4 13.Nd2 hxg3 14.fxg3 Qd4+ 15.Qxd4 cxd4
16.Nf3 c5 17.Bd2 Nd5 18.Ne5 f6 19.Ng6 Rg8 20.Nxe7 Kxe7 21.Rac1 Rgb8 22.Rc2 a5
23.a4 Rb3 24.Kf2 Rab8 25.Rxc5 Rxb2 26.Bxa5 Ra2 27.Kf3 Rbb2 28.Re1 Rxa4 29.h4 Kd6
30.Rec1 Raa2 31.Bc7+ Kd7 32.R1c4 Rxe2 33.Rxd4 f5 34.g4 Re3+  0-1

[Event "XXVI Belgrade Trophy 2012"]
[Site "Belgrade SRB"]
[Date "2012.11.24"]
[Round "1.11"]
[White "Cabrilo,G"]
[Black "Bojanic,D"]
[Result "1-0"]
[WhiteElo "2442"]
[BlackElo "1990"]

1.c4 e6 2.Nf3 d5 3.g3 Nf6 4.Bg2 Be7 5.O-O O-O 6.b3 b6 7.Bb2 Bb7 8.e3 c5 9.Nc3 Nc6
10.cxd5 exd5 11.d4 Rc8 12.Re1 Re8 13.Rc1 Bf8 14.Ne2 Ne4 15.Nf4 Ne7 16.Ne5 Ng6
17.Nfxg6 hxg6 18.Qe2 Bd6 19.f3 Ng5 20.f4 Ne4 21.dxc5 bxc5 22.Red1 Qe7 23.Bxe4 dxe4
24.Nc4 Red8 25.Qg4 Bc7 26.f5 Rd3 27.fxg6 Rf8 28.Rf1 Bd5 29.gxf7+ Rxf7 30.Rxf7 Qxf7
31.Rf1 Qe7 32.Bf6 Qf7 33.Be5 Qe7 34.Bxc7 Qxc7 35.Qg5 Bxc4 36.bxc4 Qd7 37.Qxc5 Rd1
38.Qf8+ Kh7 39.Qf4 Rxf1+ 40.Qxf1 Qd2 41.Qf5+ Kg8 42.Qd5+  1-0

[Event "TCh-SVK Extraliga 2012-13"]
[Site "Slovakia SVK"]
[Date "2012.11.24"]
[Round "3.3"]
[White "Stohl,I"]
[Black "Tibensky,R"]
[Result "1/2-1/2"]
[WhiteElo "2518"]
[BlackElo "2396"]

1.c4 e6 2.Nf3 d5 3.b3 Nf6 4.g3 Be7 5.Bg2 O-O 6.O-O c5 7.Bb2 Nc6 8.e3 b6 9.Nc3 Ba6
10.d3 Rc8 11.Qe2 Qc7 12.Rac1 Rfd8 13.Rfd1 Qb8 14.Nb5 Bb7 15.d4 a6 16.cxd5 Nxd5
17.Nc3 Nxc3 18.Bxc3 cxd4 19.Nxd4 Nxd4 20.Bxd4 Bxg2 21.Kxg2 Rxc1 22.Rxc1 Rc8
23.Rxc8+  1/2-1/2